| 000 | 00658nam a2200205 a 4500 | ||
|---|---|---|---|
| 001 | 000026543 | ||
| 005 | 20250722121309.0 | ||
| 008 | 090929s2001 dr a r 000 0 spa d | ||
| 040 |
_aDO-SdBNP _bspa _cBNPHU |
||
| 082 |
_a362.76 _bC957m |
||
| 100 | 1 |
_aCruz, Rogelio _91117 |
|
| 245 | 1 | 0 | _aMaltrato de la niñez en la República Dominicana. |
| 260 |
_aSanto Domingo : _bAlfa & Omega, _c2001. |
||
| 300 |
_a133 p. : _bil., ; _c23 cm. |
||
| 590 | _aInventariado, 2018/BT | ||
| 650 | 4 |
_aViolencia infantil _910935 |
|
| 650 | 4 |
_aAbuso infantil _zRepública Dominicana _953649 |
|
| 650 | 0 |
_aNiños abandonados _953650 |
|
| 910 | _aValidado. Control de calidad. MFF | ||
| 999 |
_c26035 _d26035 |
||